000 00549cam a22002051i 4500
001 sa 66002498
003 DLC
005 20260227112229.0
008 760824s1964 ii 000 0 eng
010 _asa 66002498 //r95
040 _aDLC
_cIEN
_dDLC
050 0 0 _aLA1151
_b.C54
100 0 0 _aChidbhavananda,
_cSwami.
245 1 4 _aThe Indian national education.
260 0 _aTirupparaitturai,
_bTapovanam Pub. House,
_c1964
300 _aiii, 495p.
_c19cm.
490 0 _aTapovanam series
650 0 _aEducation
_zIndia.
650 0 _aEducation.
999 _c68403
_d68403